[Event "POL Region-ch U15"]
[Site "Szczyrk"]
[Date "2012.10.21"]
[Round "1.9"]
[White "Lebioda, Jan"]
[Black "Rosicki, Marcin"]
[Result "0-1"]
[WhiteElo "1353"]
[BlackElo "1711"]
[PlyCount "86"]
[EventDate "2012.10.14"]
[EventType "swiss"]
[EventRounds "9"]
[EventCountry "POL"]
[SourceTitle "EXT 2023"]
[Source "ChessBase"]
[SourceDate "2022.10.05"]
[SourceVersion "1"]
[SourceVersionDate "2022.10.05"]
[SourceQuality "1"]

1. e4 c5 2. c3 e6 3. d4 d5 4. exd5 Qxd5 5. Nf3 Nc6 6. Na3 cxd4 7. Nb5 Bd6 8. Nxd6+ Qxd6 9. Be3 e5 10. Bb5 Bg4 11. Bd2 e4 12. Bxc6+ Qxc6 13. Nxd4 Bxd1 14. Nxc6 Bc2 15. Nd4 Bd3 16. Nf5 g6 17. Nd6+ Ke7 18. Nxb7 Rb8 19. Nc5 Rxb2 20. Nxd3 exd3 21. 0-0-0 Rc2+ 22. Kb1 Nf6 23. Rhe1+ Kd7 24. Bf4 Rxf2 25. Rxd3+ Kc8 26. g3 Rd8 27. Rxd8+ Kxd8 28. h4 Kd7 29. Rd1+ Ke6 30. c4 Ne4 31. Re1 Kf5 32. c5 Nc3+ 33. Kc1 Nxa2+ 34. Kb1 Nc3+ 35. Kc1 Ne2+ 36. Rxe2 Rxe2 37. c6 Re8 38. c7 Rc8 39. Kb2 Ke6 40. Kc3 Kd7 41. Kb4 Rxc7 42. Bxc7 Kxc7 43. Ka5 f5 0-1

[Event "POL Region-ch U15"]
[Site "Szczyrk"]
[Date "2012.10.21"]
[Round "3.7"]
[White "Wiaterek, Jakub"]
[Black "Lebioda, Jan"]
[Result "0-1"]
[WhiteElo "1598"]
[BlackElo "1353"]
[PlyCount "128"]
[EventDate "2012.10.14"]
[EventType "swiss"]
[EventRounds "9"]
[EventCountry "POL"]
[SourceTitle "EXT 2023"]
[Source "ChessBase"]
[SourceDate "2022.10.05"]
[SourceVersion "1"]
[SourceVersionDate "2022.10.05"]
[SourceQuality "1"]

1. d4 Nf6 2. c4 c5 3. d5 e6 4. Nc3 exd5 5. cxd5 d6 6. e4 g6 7. f3 Bg7 8. Bg5 0-0 9. Qd2 Re8 10. Bd3 a6 11. a4 Nbd7 12. Nh3 Rb8 13. Nf2 Qc7 14. b3 b6 15. 0-0 Bb7 16. Rab1 Rbc8 17. Rfc1 Qb8 18. b4 cxb4 19. Rxb4 Rc7 20. Be3 Qc8 21. Nfd1 Qd8 22. Rcb1 Nh5 23. Bxb6 Nxb6 24. Rxb6 Bd4+ 25. Kh1 Bxb6 26. Rxb6 Qe7 27. Qb2 Ra8 28. Qb4 Nf4 29. Bf1 Rd7 30. a5 h5 31. Ne3 Rc8 32. g3 Rdc7 33. Ned1 Nxd5 34. exd5 Qe1 35. Kg1 Rxc3 36. Nxc3 Qe3+ 37. Kg2 Rxc3 38. Qe4 Qd2+ 39. Be2 Re3 40. Rb2 Qxb2 41. Qxe3 Bxd5 42. Qd3 Bb7 43. Kf2 Qb4 44. Qd1 d5 45. Qa1 d4 46. f4 Qd2 47. Qb1 Qe3+ 48. Ke1 Qg1+ 49. Bf1 Bg2 50. Qd3 Bxf1 51. Qxf1 Qxh2 52. Qxa6 Qxg3+ 53. Kd1 Qxf4 54. Qc8+ Kg7 55. a6 Qf1+ 56. Kd2 Qf2+ 57. Kd1 Qf3+ 58. Kd2 Qe3+ 59. Kd1 d3 60. Qc3+ Kh7 61. Qd2 Qf3+ 62. Ke1 Qg3+ 63. Kd1 Qg4+ 64. Ke1 Qe6+ 0-1